000 00753nam a2200229 a 4500
999 _c6061
_d6061
001 6061
003 BD-JhCC
005 20180101164610.0
008 180101s1967 bg a|||| ||a| 000 0 eng d
035 _a(BD-JhCC)6061
040 _aBD-JhCC
_dBD-JhCC
041 _aeng
082 _a621
_bYEA 1967
100 _aইয়েটস, রেমণ্ড এফ.
245 _aক্ষুদে কারিগরের কারখানা /
_cহাসান ইকবাল (অনুবাদ)
260 _aঢাকা :
_bওসমানিয়া বুক ডিপা,
_c1967.
300 _a140 p. :
_c20 cm.
650 _aIndustry
700 _aইকবাল, হাসান (অনুবাদ)
942 _2ddc
_cBK